000 00675nam a2200301Ia 4500
005 20260401122411.0
008 008 250103s9999 xx 000 0 eng d
020 _a9781844671922
037 _aTB
040 _aEDL
040 _beng
040 _cEDL
041 _2eng
041 _aeng
084 _a194 LEF
084 _qEDL
100 _aLefebvre, Henri
245 0 _aCritique of Everyday Life: Foundations for a Sociology of the Everyday
245 0 _cLefebvre, Henri
260 _aLondon
260 _bVerso
260 _c2008
300 _a380p
942 _cTB
942 _h194 LEF
999 _c1847024
_d1847024